El español coloquial

Gorde:
Xehetasun bibliografikoak
Egile nagusia: Beinhauer, Werner (Egilea)
Formatua: Liburua
Hizkuntza:gaztelania
Argitaratua: Madrid Gredos 1978
Edizioa:3a. ed
Saila:Biblioteca Románica Hispánica. Estudios y Ensayos, 72
Gaiak:
Etiketak: Etiketa erantsi
Etiketarik gabe, Izan zaitez lehena erregistro honi etiketa jartzen!

MARC

LEADER 00000nam a2200000 a 4500
001 UCR9682
003 CL-VaPUC
008 980613e19780000SP |||||||||||||||||spa|d
082 0 4 |a 864  |b BEI  |2 21 
100 0 |a Beinhauer, Werner  |e author  |9 412453 
245 1 3 |a El español coloquial 
250 |a 3a. ed 
300 |a 556 p 
942 |c BK 
945 |d 19980613 00:00:00  |a crobeson 
260 |a Madrid  |b Gredos  |c 1978 
650 0 |a Ensayos españoles  |9 313128 
650 0 |a Español gramática  |9 264564 
650 0 |a Expresión escrita  |9 334816 
583 |a last modification  |c 19980613 00:00:00  |k Rodrigo Vera 
490 0 |a Biblioteca Románica Hispánica. Estudios y Ensayos, 72 
999 |c 270862  |d 270860 
952 |0 0  |1 0  |4 0  |6 864_000000000000000_BEI_1978  |7 0  |8 A  |9 305295  |a BIBEDU  |b BIBEDU  |d 2019-11-20  |i 1417762  |o 864 BEI 1978  |p 1417762  |r 2019-11-20  |w 2019-11-20  |y BK  |k LIT